<?xml version="1.0" encoding="UTF-8"?>
<record
    xmlns:xsi="http://www.w3.org/2001/XMLSchema-instance"
    xsi:schemaLocation="http://www.loc.gov/MARC21/slim http://www.loc.gov/standards/marcxml/schema/MARC21slim.xsd"
    xmlns="http://www.loc.gov/MARC21/slim">

  <leader>00456nam a22001817a 4500</leader>
  <controlfield tag="003">OSt</controlfield>
  <controlfield tag="005">20260314134043.0</controlfield>
  <controlfield tag="008">230816b        |||||||| |||| 00| 0 eng d</controlfield>
  <datafield tag="020" ind1=" " ind2=" ">
    <subfield code="a">9789966497447</subfield>
  </datafield>
  <datafield tag="040" ind1=" " ind2=" ">
    <subfield code="c">Chuka University Library</subfield>
  </datafield>
  <datafield tag="050" ind1=" " ind2=" ">
    <subfield code="a">PL 8704</subfield>
    <subfield code="b">S5W3 1996</subfield>
  </datafield>
  <datafield tag="100" ind1=" " ind2=" ">
    <subfield code="a">Walibora, Ken</subfield>
    <subfield code="9">12030</subfield>
  </datafield>
  <datafield tag="245" ind1=" " ind2=" ">
    <subfield code="a">Siku njema</subfield>
  </datafield>
  <datafield tag="260" ind1=" " ind2=" ">
    <subfield code="a">Nairobi</subfield>
    <subfield code="b">Longhorn</subfield>
    <subfield code="c">1996</subfield>
  </datafield>
  <datafield tag="300" ind1=" " ind2=" ">
    <subfield code="a">150p</subfield>
  </datafield>
  <datafield tag="650" ind1=" " ind2=" ">
    <subfield code="a">Swahili </subfield>
    <subfield code="x">Fiction</subfield>
    <subfield code="9">12014</subfield>
  </datafield>
  <datafield tag="942" ind1=" " ind2=" ">
    <subfield code="2">lcc</subfield>
    <subfield code="c">BK</subfield>
    <subfield code="n">0</subfield>
    <subfield code="0">18</subfield>
  </datafield>
  <datafield tag="952" ind1=" " ind2=" ">
    <subfield code="0">0</subfield>
    <subfield code="1">0</subfield>
    <subfield code="2">lcc</subfield>
    <subfield code="4">0</subfield>
    <subfield code="7">0</subfield>
    <subfield code="8">FIC</subfield>
    <subfield code="a">CHK</subfield>
    <subfield code="b">CHG</subfield>
    <subfield code="c">FIC</subfield>
    <subfield code="d">2023-08-16</subfield>
    <subfield code="l">0</subfield>
    <subfield code="o">PL 8704 .S5W3 1996</subfield>
    <subfield code="p">21772/2023</subfield>
    <subfield code="r">2023-08-16 00:00:00</subfield>
    <subfield code="t">1</subfield>
    <subfield code="w">2023-08-16</subfield>
    <subfield code="y">BK</subfield>
  </datafield>
  <datafield tag="952" ind1=" " ind2=" ">
    <subfield code="0">0</subfield>
    <subfield code="1">0</subfield>
    <subfield code="2">lcc</subfield>
    <subfield code="4">0</subfield>
    <subfield code="7">0</subfield>
    <subfield code="8">FIC</subfield>
    <subfield code="a">CHK</subfield>
    <subfield code="b">CHK</subfield>
    <subfield code="c">FIC</subfield>
    <subfield code="d">2023-08-16</subfield>
    <subfield code="l">0</subfield>
    <subfield code="o">PL 8704 .S5W3 1996</subfield>
    <subfield code="p">21771/2023</subfield>
    <subfield code="r">2026-03-17 16:52:58</subfield>
    <subfield code="t">2</subfield>
    <subfield code="w">2023-08-16</subfield>
    <subfield code="y">BK</subfield>
  </datafield>
  <datafield tag="952" ind1=" " ind2=" ">
    <subfield code="0">0</subfield>
    <subfield code="1">0</subfield>
    <subfield code="2">lcc</subfield>
    <subfield code="4">0</subfield>
    <subfield code="7">0</subfield>
    <subfield code="8">FIC</subfield>
    <subfield code="a">CHK</subfield>
    <subfield code="b">CHG</subfield>
    <subfield code="c">FIC</subfield>
    <subfield code="d">2023-08-16</subfield>
    <subfield code="l">0</subfield>
    <subfield code="o">PL 8704 .S5W3 1996</subfield>
    <subfield code="p">21842/2023</subfield>
    <subfield code="r">2023-08-26 00:00:00</subfield>
    <subfield code="t">3</subfield>
    <subfield code="w">2023-08-16</subfield>
    <subfield code="y">BK</subfield>
  </datafield>
  <datafield tag="952" ind1=" " ind2=" ">
    <subfield code="0">0</subfield>
    <subfield code="1">0</subfield>
    <subfield code="2">lcc</subfield>
    <subfield code="4">0</subfield>
    <subfield code="7">0</subfield>
    <subfield code="8">FIC</subfield>
    <subfield code="a">CHK</subfield>
    <subfield code="b">CHG</subfield>
    <subfield code="c">FIC</subfield>
    <subfield code="d">2023-08-16</subfield>
    <subfield code="l">0</subfield>
    <subfield code="o">PL 8704 .S5W3 1996</subfield>
    <subfield code="p">21841/2023</subfield>
    <subfield code="r">2023-08-26 00:00:00</subfield>
    <subfield code="t">4</subfield>
    <subfield code="w">2023-08-16</subfield>
    <subfield code="y">BK</subfield>
  </datafield>
  <datafield tag="952" ind1=" " ind2=" ">
    <subfield code="0">0</subfield>
    <subfield code="1">0</subfield>
    <subfield code="2">lcc</subfield>
    <subfield code="4">0</subfield>
    <subfield code="7">0</subfield>
    <subfield code="8">FIC</subfield>
    <subfield code="a">EMB</subfield>
    <subfield code="b">EMB</subfield>
    <subfield code="c">FIC</subfield>
    <subfield code="d">2023-10-04</subfield>
    <subfield code="l">2</subfield>
    <subfield code="o">PL 8704 .S5W3 1996	</subfield>
    <subfield code="p">21706/2023</subfield>
    <subfield code="r">2025-02-14 00:00:00</subfield>
    <subfield code="s">2025-02-07</subfield>
    <subfield code="t">5</subfield>
    <subfield code="w">2023-10-04</subfield>
    <subfield code="y">BK</subfield>
  </datafield>
  <datafield tag="952" ind1=" " ind2=" ">
    <subfield code="0">0</subfield>
    <subfield code="1">0</subfield>
    <subfield code="2">lcc</subfield>
    <subfield code="4">0</subfield>
    <subfield code="7">0</subfield>
    <subfield code="8">FIC</subfield>
    <subfield code="a">EMB</subfield>
    <subfield code="b">CHK</subfield>
    <subfield code="c">FIC</subfield>
    <subfield code="d">2023-10-04</subfield>
    <subfield code="l">0</subfield>
    <subfield code="o">PL 8704 .S5W3 1996	</subfield>
    <subfield code="p">21707/2023</subfield>
    <subfield code="r">2023-10-04 00:00:00</subfield>
    <subfield code="t">6</subfield>
    <subfield code="w">2023-10-04</subfield>
    <subfield code="y">BK</subfield>
  </datafield>
  <datafield tag="952" ind1=" " ind2=" ">
    <subfield code="0">0</subfield>
    <subfield code="1">0</subfield>
    <subfield code="2">lcc</subfield>
    <subfield code="4">0</subfield>
    <subfield code="7">0</subfield>
    <subfield code="8">FIC</subfield>
    <subfield code="a">CHK</subfield>
    <subfield code="b">CHK</subfield>
    <subfield code="c">FIC</subfield>
    <subfield code="d">2023-10-19</subfield>
    <subfield code="l">15</subfield>
    <subfield code="o">PL 8704 .S5W3 1996</subfield>
    <subfield code="p">21932/2023</subfield>
    <subfield code="r">2026-03-31 09:09:23</subfield>
    <subfield code="s">2026-03-14</subfield>
    <subfield code="t">7</subfield>
    <subfield code="w">2023-10-19</subfield>
    <subfield code="y">BK</subfield>
  </datafield>
  <datafield tag="952" ind1=" " ind2=" ">
    <subfield code="0">0</subfield>
    <subfield code="1">0</subfield>
    <subfield code="2">lcc</subfield>
    <subfield code="4">0</subfield>
    <subfield code="7">0</subfield>
    <subfield code="a">CHK</subfield>
    <subfield code="b">EMB</subfield>
    <subfield code="d">2024-12-13</subfield>
    <subfield code="l">0</subfield>
    <subfield code="r">2024-12-13 00:00:00</subfield>
    <subfield code="w">2024-12-13</subfield>
    <subfield code="y">BK</subfield>
  </datafield>
  <datafield tag="952" ind1=" " ind2=" ">
    <subfield code="0">0</subfield>
    <subfield code="1">0</subfield>
    <subfield code="2">lcc</subfield>
    <subfield code="4">0</subfield>
    <subfield code="7">0</subfield>
    <subfield code="8">FIC</subfield>
    <subfield code="a">CHK</subfield>
    <subfield code="b">CHK</subfield>
    <subfield code="c">GEN</subfield>
    <subfield code="d">2026-02-10</subfield>
    <subfield code="l">1</subfield>
    <subfield code="o">PL 8704.S5W3 1996</subfield>
    <subfield code="p">21771/23</subfield>
    <subfield code="q">2026-02-27</subfield>
    <subfield code="r">2026-02-11 08:23:33</subfield>
    <subfield code="s">2026-02-11</subfield>
    <subfield code="t">C.2</subfield>
    <subfield code="w">2026-02-10</subfield>
    <subfield code="y">BK</subfield>
  </datafield>
  <datafield tag="999" ind1=" " ind2=" ">
    <subfield code="c">15229</subfield>
    <subfield code="d">15229</subfield>
  </datafield>
</record>
